Lachu / (Record no. 192628)

MARC details
000 -LEADER
fixed length control field 00427nam a22001577a 4500
008 - FIXED-LENGTH DATA ELEMENTS--GENERAL INFORMATION
fixed length control field 220928b ||||| |||| 00| 0 eng d
020 ## - INTERNATIONAL STANDARD BOOK NUMBER
International Standard Book Number 9788123755533
100 ## - MAIN ENTRY--PERSONAL NAME
Personal name Lopez, Leela J.
245 ## - TITLE STATEMENT
Title Lachu /
Statement of responsibility, etc by Leela J. Lopez; illustrated by Amitava Sengupta
260 ## - PUBLICATION, DISTRIBUTION, ETC. (IMPRINT)
Place of publication, distribution, etc Dehradun
Name of publisher, distributor, etc N.I.V.H.
270 ## - ADDRESS
Address N.I.V.H.,Dehradun
300 ## - PHYSICAL DESCRIPTION
Extent ...
490 ## - SERIES STATEMENT
Volume number/sequential designation 1-4
700 ## - ADDED ENTRY--PERSONAL NAME
Personal name Lopez, Leela J.
942 ## - ADDED ENTRY ELEMENTS (KOHA)
Source of classification or shelving scheme Dewey Decimal Classification
Item type Braille-Books-English
Call number prefix S
Call number suffix LOP
Holdings
Withdrawn status Lost status Not for loan Home library Current library Date acquired Source of acquisition Cost, normal purchase price Full call number Barcode Koha item type
      Braille-Library Braille-Library 28/09/2022 Braille-Library 28.00 S-LOP BR-003322 Braille-Books-English
      Braille-Library Braille-Library 28/09/2022 Braille-Library 28.00 S-LOP BR-003323 Braille-Books-English
      Braille-Library Braille-Library 28/09/2022 Braille-Library 28.00 S-LOP BR-003324 Braille-Books-English
      Braille-Library Braille-Library 28/09/2022 Braille-Library 28.00 S-LOP BR-003325 Braille-Books-English

© Delhi Public Library
Hit Counter
free hit counter